000 00439nam a2200157Ia 4500
005 20250923144505.0
008 008 250917s9999 xx 000 0 eng d
037 _aTextual
040 _aDSWL
_beng
_cDSWL
041 _aeng
_2eng
084 _qDSWL
245 0 _aKurukshetra , Oct , 1954
_cby India Community Projects Administration
260 _aDelhi
_bPublication Division
_c1954
942 _cTEXL
999 _c1439567
_d1439567